000 00569nam a22002297a 4500
005 20250219154751.0
008 220331b1996 xxu||||| |||| 00| 0 spa d
020 _a8428322961
041 _aESP
082 _aR 577 V767d
100 _aVicén Carreño, Marta
100 _aVicén Antolín, Carlos
245 _aDiccionario de términos ecológicos
260 _aEspaña
260 _bEditorial Paraninfo
260 _c1996
300 _a173 páginas
650 _aDICCIONARIOS
650 _aECOLOGÍA
650 _aCIENCIAS NATURALES
942 _cREF
_2ddc
999 _c13313
_d13313